Oltre un amore

Gardado en:
Detalles Bibliográficos
Autor Principal: Brezet, Massimiliano
Formato: Libro
Idioma:inglés
Publicado: Roma Edizioni Ponte San Sisto di Capocci Editore 2023
Tags: Engadir etiqueta
Sen Etiquetas, Sexa o primeiro en etiquetar este rexistro!

MARC

LEADER 00000nam a2200000 4500
003 Arcigay Viterbo
005 20251202181358.0
008 251202b |||||||| |||| 00| 0 eng d
020 |a 9788831442237 
040 |c Arcigay Viterbo 
100 |a Brezet, Massimiliano 
245 |a Oltre un amore  |c Massimiliano Brezet 
260 |a Roma  |b Edizioni Ponte San Sisto di Capocci Editore  |c 2023 
942 |2 ddc  |c BK  |n 0 
952 |0 0  |1 0  |2 ddc  |4 0  |6 853_900000000000000_BRE_OLT  |7 0  |9 10017  |a VT  |b VT  |d 2025-12-02  |e Donazione Maurizio Gregorini  |i B64  |l 0  |o 853.9 BRE OLT  |p B64  |r 2025-12-02 18:18:22  |w 2025-12-02  |y BK  |z Donazione Maurizio Gregorini 
999 |c 8354  |d 8354